000 01101nam a2200337 i 4500
001 bg
003 KOSZ 005
005 20200227092011.0
008 090506s2008 pl a |001 0 pol
015 _aPB 29633/2008
020 _a9788388724381
040 _cKOSZ 005/HR
_aWA N
_dKOSZ 005/HR
041 _apol
080 _a311
080 _a167/168
080 _a303.4/.8
080 _a001.89
245 0 0 _aZastosowania metod statystycznych w badaniach naukowych III /
_c[red. nauk. Jacek Jakubowski, Janusz Wątroba].
260 _aKraków :
_bStatSoft Polska,
_c2008.
300 _a448 s. :
_bil. ;
_c24 cm.
380 _aKsiążki
504 _aBibliogr. przy pracach. Indeks.
650 4 _aNauki społeczne
_xmetody.
650 9 _aNauki przyrodnicze
_xmetody.
650 9 _aStatystyka
_xmetody.
658 _aNauka i badania
700 1 _aJakubowski, Jacek
_d(1954- )
_eRedakcja
700 1 _aWątroba, Janusz
_eRedakcja
856 _uhttp://koha.tu.koszalin.pl/cgi-bin/koha/opac-detail.pl?biblionumber=56282
_yKatalog online BPK
942 _cKS
_2UKD
999 _c56282
_d56282